|
|
|
|
| LEADER |
00000ckm a2200000 a 4500 |
| 001 |
vtls001210114 |
| 003 |
SK-MaSNL |
| 005 |
20260331203808.0 |
| 007 |
kf co |
| 008 |
230718s1990 xo g 0kuslo |
| 015 |
|
|
|a SNBG1990
|
| 035 |
|
|
|a SNK000153184
|
| 035 |
|
|
|a urn:nbn:sk:snk-km3lwm2
|
| 035 |
|
|
|a 08C4E253-3A2C-4E19-BAE4-34CA107275CB
|
| 035 |
|
|
|a urn:nbn:sk:snk-km00dr2g
|
| 040 |
|
|
|a SNK
|b slo
|c SNK
|e AACR2
|
| 041 |
0 |
|
|a slo
|
| 043 |
|
|
|a e-xo---
|
| 044 |
|
|
|a xo
|c SK
|
| 072 |
|
7 |
|a 913
|x Regionálna geografia
|2 konspekt
|
| 080 |
|
|
|a 913(437.6)
|2 2011
|
| 080 |
|
|
|a (084.121)
|2 2011
|
| 080 |
|
|
|a 725.1:613.47-026.912
|2 2011
|
| 080 |
|
|
|a 711.455:615.838
|2 2011
|
| 080 |
|
|
|a 725.1:615.838
|2 2011
|
| 100 |
1 |
|
|a Šmátralová, Vlasta
|c (fotografka)
|4 pht
|9 283285
|
| 245 |
1 |
0 |
|a Trenčianske Teplice
|h grafika
|c foto: Vlasta Šmátralová, Milan Šmátrala
|
| 246 |
1 |
|
|i Názov na adresnej časti:
|a Čs. štátne kúpele Trenčianske Teplice
|
| 260 |
|
|
|a Bratislava
|b Pravda
|c 1990
|
| 300 |
|
|
|a 1 pohľadnica (4 čiastkové pohľady)
|b farebná
|c 11 x 15 cm
|
| 500 |
|
|
|a Názvové údaje prevzaté z obrazovej časti pohľadnice
|
| 500 |
|
|
|a Na adresnej časti pohľadnice uvedené: Čs. štátne kúpele Trenčianske Teplice - svetoznáme kúpele zamerané na liečenie chorôb pohybového ústrojenstva a poúrazových stavov. Veľmi vyhľadávanéje termálne kúpalisko "Zelená žaba"
|
| 520 |
8 |
|
|a Zobrazenie: Na striebornom podklade v bielom orámovaní pohľady na budovy Trenčianských kúpelov a termálneho kúpaliska "Zelená žaba"
|
| 610 |
2 |
7 |
|a Československé štátne kúpele (Trenčianske Teplice, Slovensko)
|2 SNKKA
|9 187703
|
| 650 |
0 |
7 |
|a kúpaliská
|2 SNKPH
|9 4394
|
| 650 |
0 |
7 |
|a kúpeľné budovy
|2 SNKPH
|9 102104
|
| 650 |
0 |
7 |
|a kúpele
|2 SNKPH
|9 1139
|
| 651 |
|
7 |
|a Trenčianske Teplice (Slovensko)
|2 SNKPHgeo
|9 14503
|
| 655 |
|
7 |
|a miestne pohľadnice
|2 SNKPH
|9 70510
|
| 700 |
1 |
|
|a Šmátrala, Milan
|c (fotograf)
|4 pht
|9 164919
|
| 852 |
|
|
|a Slovenská národná knižnica
|
| 954 |
|
|
|a pohľadnice pôvodné (slovenské)
|2 lita
|
| 958 |
|
|
|a GBN
|
| 958 |
|
|
|a TL
|
| 958 |
|
|
|a GC
|
| 958 |
|
|
|a OND
|
| 999 |
|
|
|c 1201392
|d 1203322
|
| 952 |
|
|
|a SNK
|b SNK
|y PREZ
|7 0
|p 17A1295083
|o snkSP 145309
|i snk991/91
|0 0
|1 0
|4 0
|d 2018-10-16
|f 1
|l 0
|r 2026-02-24 22:42:37
|w 2026-02-24
|
| 952 |
|
|
|a SNK
|b SNK
|y PREZ
|7 0
|p 17A1295045
|o snkSP 145309 D1
|i snk992/91
|0 0
|1 0
|4 0
|d 2018-10-16
|l 0
|r 2026-02-24 22:42:37
|w 2026-02-24
|